| 000 | 00408nam a2200181Ia 4500 | ||
|---|---|---|---|
| 005 | 20240823025129.0 | ||
| 008 | 240823s9999||||xx |||||||||||||| ||und|| | ||
| 041 | _aENGLISH | ||
| 082 | _A512.72 K0 | ||
| 100 | _a"Rich,Barnett" | ||
| 245 | 0 | _aElementary Algebra | |
| 250 | _a1st | ||
| 260 |
_c1960 _b"MGH,New York" |
||
| 500 | _aYES | ||
| 650 |
_aAlgebra _bMathematics |
||
| 942 | _cBK | ||
| 999 |
_c185581 _d185581 |
||